Μελέτη και ανάλυση χρωστικών σε πίνακες από το κέντρο τέχνης Giorgio de Kiriko με χρήση μη καταστροφικών τεχνικών : διπλωματική εργασία [μεταπτυχιακή εργασία]

Αποθηκεύτηκε σε:
Λεπτομέρειες βιβλιογραφικής εγγραφής
Κύριος συγγραφέας: Ρωμαντζή, Κωνσταντίνα
Συγγραφή απο Οργανισμό/Αρχή: Πανεπιστήμιο Αιγαίου Σχολή Ανθρωπιστικών Επιστημών Τμήμα Μεσογειακών Σπουδών Πρόγραμμα Μεταπτυχιακών Σπουδών Εφαρμοσμένες Αρχαιολογικές Επιστήμες
Μορφή: Thesis Βιβλίο
Γλώσσα:Greek
Δημοσίευση: 2017.
Θέματα:
Διαθέσιμο Online:http://hdl.handle.net/11610/17473
Ετικέτες: Προσθήκη ετικέτας
Δεν υπάρχουν, Καταχωρήστε ετικέτα πρώτοι!

MARC

LEADER 00000cam a2200000 a 4500
001 1/115387
008 171025s2017####gr | ||| |||| ||gre||
040 |a GR-MyUa  |b gre  |c GR-MyUa  |e AACR2 
041 0 |a gre 
082 7 |a 751.6   |2 (23) 
100 1 |a Ρωμαντζή, Κωνσταντίνα. 
245 1 0 |a Μελέτη και ανάλυση χρωστικών σε πίνακες από το κέντρο τέχνης Giorgio de Kiriko με χρήση μη καταστροφικών τεχνικών :   |b διπλωματική εργασία [μεταπτυχιακή εργασία] /   |c Ρωμαντζή Κωνσταντίνα ; επιβλέπων καθηγητής: Γκανέτσος Θεόδωρος.  
260 |c 2017.  
300 |a 101 σ. :   |b πίν., διαγρ., εικ. ;   |c 30 εκ.  
500 |a Υπάρχει ψηφιακό αντίγραφο. 
500 |a Μέλη εξεταστικής επιτροπής: Καραπαναγιώτης Ιωάννης, Λυριτζής Ιωάννης.  
502 # # |a Διατριβή (μεταπτυχιακή) – Πανεπιστήμιο Αιγαίου, Ρόδος, 2017. 
504 |a Βιβλιογραφία: σ. 98-100.  
506 1 |a Πλήρες κείμενο - Ελεύθερη δημοσίευση - Κλειδωμένη η δυνατότητα αντιγραφής.  
650 0 |a Painting. 
650 0 |a Color vision. 
650 0 |a Museum conservation methods. 
650 0 |a Spectrum analysis. 
650 0 |a Spectroscope. 
700 1 |a Γκανέτσος, Θεόδωρος,  |e dgs 
710 2 |a Πανεπιστήμιο Αιγαίου   |b Σχολή Ανθρωπιστικών Επιστημών  |b Τμήμα Μεσογειακών Σπουδών   |b Πρόγραμμα Μεταπτυχιακών Σπουδών Εφαρμοσμένες Αρχαιολογικές Επιστήμες . 
852 |a INST  |b RHODES  |c DIATR  |e 20171025  |h 751.6 ΡΩΜ  |p 005400039640  |q 005400039640  |t MTXE  |y 23 
856 |u http://hdl.handle.net/11610/17473 
924 |a Ρωμαντζή   |b Κωνσταντίνα   |y Ρόδος  |z 2017-06  
970 |z 25-10-2017.